000 00569nam a2200229Ia 4500
003 OSt
005 20220924114344.0
006 a|||||r|||| 00| 0
007 ta
008 220923b |||||||| |||| 00| 0 ara d
024 _a336009
037 _cTextual
040 _aARTS
_cARTS
_bara
041 _2ara
_aara
082 _aO28,1x, M3
245 0 _aQasaid fi-al-milad
260 _aBaghdad
_bDar-al-hariyata Iraq
_c1983
300 _a69p.
_ccm.
650 _aARABIC POETRY
942 _hO28,1x, M3
_cTEXL
_2CC
999 _c393180
_d393180